Top 10 Largest Cities in Germany - Sudden Death - Statistics

General Stats
  • This quiz has been taken 94 times
  • The average score is 5 of 10
Answers on the Grid
Answers color-coded by a green-red scale on the quiz's grid according to % correct below.
Berlin
Hamburg
Munich
Cologne
Frankfurt
Essen
Stuttgart
Dortmund
Duesseldorf
Bremen
Hannover
Leipzig
Duisburg
Nuernberg
Dresden
Regensburg
Augsburg
Aachen
Erfurt
Luebeck
Magdeburg
Kiel
Rostock
Mainz
Wuerzburg
 
Answer Stats
Answer % Correct
Berlin
76%
Frankfurt
72%
Hamburg
72%
Munich
71%
Cologne
59%
Duesseldorf
56%
Stuttgart
51%
Dortmund
38%
Bremen
21%
Essen
18%
No matching quizzes found
Score Distribution
Percent of People with Each Score
Percentile by Number Answered
Your Score History
You have not taken this quiz